header

Life at the center of the energy crisis (Record no. 24925)

MARC details
000 -LEADER
fixed length control field 02384nam a2200349 a 4500
082 04 - DEWEY DECIMAL CLASSIFICATION NUMBER
Classification number 621.48092
-- B
100 1# - MAIN ENTRY--AUTHOR NAME
Personal name Miley, George H.
245 10 - TITLE STATEMENT
Title Life at the center of the energy crisis
260 ## - PUBLICATION, DISTRIBUTION, ETC. (IMPRINT)
Place of publication [Hackensack] N.J. :
Name of publisher World Scientific,
Year of publication c2013.
300 ## - PHYSICAL DESCRIPTION
Number of Pages xix, 213 p. :
Other physical details ill., ports.
505 0# - FORMATTED CONTENTS NOTE
Formatted contents note Early days and searching for a starting path -- Burnable poison control for nuclear submarine reactors -- Nuclear pulse propagation and fission reactor kinetics -- Nuclear pumped laser (NPL) research -- Direct electron beam pumped laser -- Advanced lasers -- Alpha particle effects in thermonuclear fusion devices -- Alternate fusion concepts -- Advanced fuel fusion and direct energy conversion -- Inertial confinement fusion (ICF) -- Inertial electrostatic confinement (IEC) fusion -- Low energy nuclear reactions (LENR) -- Hydrogen economy and fuel cells -- Fusion propulsion and space colonization -- Nuclear batteries -- Computation and theory -- Nuclear power plant safety board and Illinois low-level waste site -- Teaching, education, and university administration -- Creation of a small company, NPL Associates, Inc -- Where am I in the search? What have I found? -- Concluding comments.
650 #0 - SUBJECT ADDED ENTRY--TOPICAL TERM
Topical Term Nuclear engineers
Topical Term Nuclear energy
856 40 - ELECTRONIC LOCATION AND ACCESS
Uniform Resource Identifier http://site.ebrary.com/lib/rucke/Doc?id=10691866

No items available.

© 2026 Rongo University
Contact us: librarian | system librarian | Rongo university